[Event "I Torneo Internazionale"]
[Site "Montecatini Terme ITA"]
[Date "1998.01.??"]
[Round "5"]
[White "Caposciutti, Maurizio"]
[Black "Iotti, Pierluigi"]
[Result "1/2-1/2"]
[WhiteElo "2310"]
[BlackElo "2325"]
[PlyCount "85"]
[EventDate "1998.01.24"]

1. Nf3 e6 2. c4 Nf6 3. g3 b6 4. Bg2 Bb7 5. O-O c5 6. d4 cxd4 7. Qxd4 Be7 8. Nc3
O-O 9. Rd1 d6 10. b3 a6 11. e4 Nbd7 12. Ba3 Nc5 13. e5 dxe5 14. Qxd8 Rfxd8 15.
Nxe5 Bxg2 16. Kxg2 Bf8 17. Bxc5 Bxc5 18. Na4 Rac8 19. Nc6 Rxd1 20. Rxd1 Kf8 21.
Nxc5 bxc5 22. Rd8+ Rxd8 23. Nxd8 Ke7 24. Nb7 Nd7 25. f4 f5 26. Kf3 Kf6 27. Ke3
e5 28. a3 g6 29. b4 cxb4 30. axb4 e4 31. Kd4 Ke6 32. Na5 Kd6 33. Nb3 Kc7 34.
Nc1 Kd6 35. Ne2 Nb8 36. c5+ Kc7 37. Kc4 Nc6 38. Nc3 Ne7 39. Ne2 Nc6 40. Nc3 Ne7
41. Nd1 Kd7 42. Ne3 h5 43. Nc2 1/2-1/2

[Event "I Torneo Internazionale"]
[Site "Montecatini Terme ITA"]
[Date "1998.01.??"]
[Round "5"]
[White "Drei, Andrea"]
[Black "Wagman, Stuart"]
[Result "1/2-1/2"]
[WhiteElo "2320"]
[BlackElo "2180"]
[PlyCount "117"]
[EventDate "1998.01.24"]

1. e4 e5 2. Nf3 Nc6 3. Bb5 a6 4. Ba4 Nf6 5. O-O Nxe4 6. d4 b5 7. Bb3 d5 8. dxe5
Be6 9. c3 Bc5 10. Nbd2 O-O 11. Bc2 Nxf2 12. Rxf2 f6 13. exf6 Bxf2+ 14. Kxf2
Qxf6 15. Nf1 Ne5 16. Be3 Rae8 17. Bc5 Rf7 18. Ne3 Nxf3 19. gxf3 Qh4+ 20. Kg1 c6
21. Ng2 Qh3 22. Qd2 Qxf3 23. Re1 Bd7 24. Rxe8+ Bxe8 25. Qd3 Qxd3 26. Bxd3 Bd7
27. Be3 Bf5 28. Bxf5 Rxf5 29. Nh4 Re5 30. Kf2 b4 31. cxb4 Re4 32. Nf3 Rxb4 33.
b3 Kf7 34. Nd4 c5 35. Ne2 d4 36. Bd2 Rb6 37. Nf4 a5 38. Nd3 Rf6+ 39. Ke2 Rf5
40. a4 Rh5 41. Bf4 Ke6 42. Bg3 Rf5 43. Nb2 g5 44. Nc4 g4 45. Nxa5 Rf3 46. b4
cxb4 47. Nc6 Kd5 48. Nxb4+ Kc4 49. Nc6 Ra3 50. Ne5+ Kc3 51. Be1+ Kc2 52. Nxg4
Rxa4 53. Kf3 Ra6 54. Ke4 Re6+ 55. Ne5 d3 56. Kf5 Re8 57. Nf3 Rf8+ 58. Ke4 Re8+
59. Kf4 1/2-1/2

[Event "I Torneo Internazionale"]
[Site "Montecatini Terme ITA"]
[Date "1998.01.??"]
[Round "5"]
[White "Genocchio, Daniele"]
[Black "Efimov, Igor"]
[Result "1-0"]
[WhiteElo "2155"]
[BlackElo "2525"]
[PlyCount "42"]
[EventDate "1998.01.24"]

1. e4 e5 2. Nf3 Nc6 3. d4 exd4 4. Nxd4 Nf6 5. Nxc6 bxc6 6. e5 Qe7 7. Qe2 Nd5 8.
c4 Ba6 9. b3 O-O-O 10. Bb2 Nb6 11. Nd2 h5 12. O-O-O Rh6 13. Nf3 c5 14. Qc2 Bb7
15. Be2 g5 16. h4 g4 17. Ng5 Bxg2 18. Rhe1 Bb7 19. Qf5 Bg7 20. Qxf7 Re8 21. f4
Qd8 1-0

[Event "I Torneo Internazionale"]
[Site "Montecatini Terme ITA"]
[Date "1998.01.??"]
[Round "5"]
[White "Miladinovic, Igor"]
[Black "Boschetti, Claudio"]
[Result "1-0"]
[WhiteElo "2565"]
[BlackElo "2150"]
[PlyCount "69"]
[EventDate "1998.01.24"]

1. d4 Nf6 2. Nf3 g6 3. c4 Bg7 4. Nc3 O-O 5. e4 d6 6. Be2 e5 7. O-O Nc6 8. d5
Ne7 9. Ne1 Nd7 10. f3 a6 11. Be3 f5 12. g4 Nf6 13. Nd3 Kh8 14. Kg2 b5 15. c5
Rb8 16. b4 Bb7 17. c6 Nxc6 18. dxc6 Bxc6 19. Nf2 Bb7 20. Qb3 d5 21. Bc5 fxe4
22. Bxf8 Bxf8 23. Rad1 e3 24. Nfe4 c6 25. a3 Ne8 26. f4 exf4 27. Rxf4 Bg7 28.
Nc5 Bc8 29. Nxd5 cxd5 30. Rxd5 Qe7 31. Re4 Qf8 32. Qxe3 Nf6 33. Rf4 Rb7 34. Re5
Qd6 35. Re8+ 1-0

[Event "I Torneo Internazionale"]
[Site "Montecatini Terme ITA"]
[Date "1998.01.??"]
[Round "6"]
[White "Botsari, Anna-Maria"]
[Black "Drei, Andrea"]
[Result "1-0"]
[WhiteElo "2325"]
[BlackElo "2320"]
[PlyCount "55"]
[EventDate "1998.01.24"]

1. d4 Nf6 2. c4 e6 3. Nc3 Bb4 4. g3 c5 5. Nf3 b6 6. Bg2 Bb7 7. O-O cxd4 8. Qxd4
Nc6 9. Qd3 O-O 10. b3 Rc8 11. Bb2 Be7 12. Rad1 Nb4 13. Qb1 d6 14. e4 Qc7 15. e5
dxe5 16. Nb5 Qc5 17. a3 e4 18. axb4 Qh5 19. Ne5 Rcd8 20. Nxa7 e3 21. Rxd8 Rxd8
22. Bxb7 e2 23. Bf3 exf1=Q+ 24. Qxf1 Qg5 25. Nac6 Re8 26. Nxe7+ Rxe7 27. Qd3
Re8 28. h4 1-0

[Event "I Torneo Internazionale"]
[Site "Montecatini Terme ITA"]
[Date "1998.01.??"]
[Round "6"]
[White "Efimov, Igor"]
[Black "Miladinovic, Igor"]
[Result "1/2-1/2"]
[WhiteElo "2525"]
[BlackElo "2565"]
[PlyCount "36"]
[EventDate "1998.01.24"]

1. e4 e6 2. d4 d5 3. exd5 exd5 4. Nf3 Nf6 5. Bd3 Bd6 6. Qe2+ Qe7 7. Qxe7+ Bxe7
8. Bf4 c6 9. c3 O-O 10. O-O Bg4 11. Nbd2 Nbd7 12. h3 Bh5 13. Rfe1 Rfe8 14. Kf1
Bf8 15. Rxe8 Rxe8 16. Re1 Rxe1+ 17. Kxe1 Bg6 18. Bxg6 hxg6 1/2-1/2

[Event "I Torneo Internazionale"]
[Site "Montecatini Terme ITA"]
[Date "1998.01.??"]
[Round "6"]
[White "Iotti, Pierluigi"]
[Black "Beggi, Pierluigi"]
[Result "1-0"]
[WhiteElo "2325"]
[BlackElo "2205"]
[PlyCount "73"]
[EventDate "1998.01.24"]

1. d4 Nf6 2. c4 g6 3. Nc3 Bg7 4. e4 d6 5. Be2 O-O 6. Nf3 Bg4 7. O-O Nfd7 8. Be3
Bxf3 9. Bxf3 Nc6 10. d5 Na5 11. Be2 b6 12. Bd4 Nf6 13. e5 dxe5 14. Bxe5 c5 15.
Re1 Nb7 16. Bf3 Nd6 17. b3 Nfe8 18. Qd2 Bxe5 19. Rxe5 Ng7 20. Rae1 Re8 21. Bg4
Rb8 22. h4 h5 23. Bh3 b5 24. cxb5 f6 25. R5e2 Kh7 26. Qd3 Rb7 27. Ne4 Nxe4 28.
Rxe4 f5 29. Re5 Rd7 30. Qc4 Qc7 31. g3 Rf8 32. f4 Ne8 33. Rc1 Qa5 34. Qxc5 Nd6
35. a4 Qd2 36. Qe3 Ne4 37. Rxe4 1-0

[Event "I Torneo Internazionale"]
[Site "Montecatini Terme ITA"]
[Date "1998.01.??"]
[Round "6"]
[White "Vezzosi, Paolo"]
[Black "Genocchio, Daniele"]
[Result "1/2-1/2"]
[WhiteElo "2275"]
[BlackElo "2155"]
[PlyCount "73"]
[EventDate "1998.01.24"]

1. e4 c5 2. Nf3 Nc6 3. Bb5 g6 4. O-O Bg7 5. Re1 a6 6. Bf1 Nf6 7. c3 O-O 8. d3
d5 9. e5 Ne8 10. Bf4 b5 11. Nbd2 Nc7 12. h3 Ne6 13. Bg3 Bb7 14. Rc1 Qb6 15. Nb3
c4 16. Nbd2 cxd3 17. Bxd3 Rfd8 18. Nb3 d4 19. c4 Nb4 20. c5 Qc7 21. a3 Nxd3 22.
Qxd3 Rac8 23. Red1 Bh6 24. Rc2 Bf4 25. c6 Bxc6 26. Nbxd4 Bxg3 27. Rxc6 Qxc6 28.
Nxc6 Rxd3 29. Rxd3 Bxf2+ 30. Kxf2 Rxc6 31. Rd2 Rc4 32. Ke3 Nc7 33. Rd7 Kg7 34.
Kd2 Kf8 35. Rd8+ Kg7 36. Rd7 Kf8 37. Rd8+ 1/2-1/2

[Event "I Torneo Internazionale"]
[Site "Montecatini Terme ITA"]
[Date "1998.01.??"]
[Round "6"]
[White "Wagman, Stuart"]
[Black "Caposciutti, Maurizio"]
[Result "0-1"]
[WhiteElo "2180"]
[BlackElo "2310"]
[PlyCount "85"]
[EventDate "1998.01.24"]

1. e4 c5 2. Nf3 Nc6 3. d4 cxd4 4. Nxd4 Nf6 5. Nc3 d6 6. Bg5 Bd7 7. Qd2 Rc8 8.
O-O-O Nxd4 9. Qxd4 Qa5 10. f4 Rxc3 11. bxc3 e5 12. Qc4 Be7 13. Bxf6 gxf6 14.
Qb4 Qc7 15. Bb5 Bc6 16. Qc4 O-O 17. Bxc6 bxc6 18. Rd3 f5 19. exf5 d5 20. Rg3+
Kh8 21. Qe2 exf4 22. Rh3 f3 23. Qe3 Qd6 24. Rxf3 Qa3+ 25. Kd2 Bf6 26. Qh6 Qe7
27. h4 Rg8 28. Re1 Qd6 29. Re6 Rxg2+ 30. Kd3 fxe6 31. Qxf6+ Rg7 32. fxe6 Kg8
33. h5 h6 34. Qxh6 Qe5 35. Qf4 Qxe6 36. h6 Re7 37. Qf8+ Kh7 38. Qf5+ Qxf5+ 39.
Rxf5 Re6 40. Rf7+ Kxh6 41. Rxa7 Kg5 42. Ra6 Kf4 43. Kd4 0-1

[Event "I Torneo Internazionale"]
[Site "Montecatini Terme ITA"]
[Date "1998.01.??"]
[Round "7"]
[White "Boschetti, Claudio"]
[Black "Efimov, Igor"]
[Result "0-1"]
[WhiteElo "2150"]
[BlackElo "2525"]
[PlyCount "68"]
[EventDate "1998.01.24"]

1. e4 g6 2. d4 Bg7 3. Nc3 d6 4. Be2 Nd7 5. h4 h5 6. Nh3 c5 7. Be3 b6 8. Ng5
Ngf6 9. Bc4 d5 10. Nxd5 O-O 11. e5 b5 12. Nxf7 Rxf7 13. e6 bxc4 14. exf7+ Kxf7
15. Nf4 cxd4 16. Qxd4 Qc7 17. Nh3 Kg8 18. Ng5 Nf8 19. O-O-O Ne6 20. Nxe6 Bxe6
21. Bf4 Qa5 22. Qe5 Qa6 23. Rhe1 Bf7 24. Qxe7 Nd5 25. Qd6 Qxa2 26. Be5 Qa1+ 27.
Kd2 Qa5+ 28. Kc1 Rd8 29. Qa3 Qxa3 30. bxa3 Bf8 31. Kb2 c3+ 32. Ka1 Rc8 33. Rb1
Bxa3 34. Rb7 Nb4 0-1

[Event "I Torneo Internazionale"]
[Site "Montecatini Terme ITA"]
[Date "1998.01.??"]
[Round "7"]
[White "Caposciutti, Maurizio"]
[Black "Botsari, Anna-Maria"]
[Result "1-0"]
[WhiteElo "2310"]
[BlackElo "2325"]
[PlyCount "145"]
[EventDate "1998.01.24"]

1. e4 c5 2. Nf3 Nc6 3. Bb5 g6 4. Bxc6 dxc6 5. d3 Bg7 6. Nc3 b6 7. h3 e5 8. Be3
f6 9. Qd2 Be6 10. a3 Ne7 11. O-O Qd7 12. b4 cxb4 13. axb4 O-O 14. Ra6 Rad8 15.
Nh2 Nc8 16. Kh1 Rf7 17. f4 exf4 18. Bxf4 Bf8 19. Ne2 Qe7 20. Rb1 Qb7 21. Raa1
c5 22. bxc5 Bxc5 23. Nf3 Qe7 24. Qe1 g5 25. Bd2 h6 26. Bc3 Bd6 27. Ned4 Bd7 28.
Nb5 Bb8 29. Bb4 Qe8 30. Nbd4 h5 31. Bc3 g4 32. Nh4 Qe5 33. g3 Qxg3 34. Qxg3
Bxg3 35. Nhf5 Be5 36. Nh6+ Kg7 37. Nxf7 Kxf7 38. Ne2 Rg8 39. Rf1 Bxc3 40. Nxc3
gxh3 41. Nd5 Rg6 42. Nf4 Rg5 43. c4 Bc6 44. Kh2 a5 45. Kxh3 Ke7 46. Kh4 Rg4+
47. Kxh5 Rg8 48. Rae1 Nd6 49. Nd5+ Bxd5 50. exd5+ Kf7 51. Re6 Rg5+ 52. Kh4 Nf5+
53. Kh3 Kg6 54. Rxb6 Rh5+ 55. Kg2 Ne3+ 56. Kf2 Nxf1 57. Kxf1 Kf5 58. d6 Ke6 59.
Ke2 a4 60. Ra6 a3 61. Rxa3 Rh2+ 62. Ke3 Kxd6 63. Ra6+ Ke5 64. d4+ Kf5 65. d5
Rh4 66. Kd3 Rf4 67. Re6 Rf1 68. Kd4 Rd1+ 69. Kc5 Kg5 70. d6 Kf5 71. Re7 Kg4 72.
Re4+ Kf5 73. Rd4 1-0

[Event "I Torneo Internazionale"]
[Site "Montecatini Terme ITA"]
[Date "1998.01.??"]
[Round "7"]
[White "Genocchio, Daniele"]
[Black "Iotti, Pierluigi"]
[Result "0-1"]
[WhiteElo "2155"]
[BlackElo "2325"]
[PlyCount "74"]
[EventDate "1998.01.24"]

1. e4 e6 2. d4 d5 3. e5 c5 4. c3 Nc6 5. Nf3 Bd7 6. a3 c4 7. Nbd2 Na5 8. Be2 Qc7
9. O-O O-O-O 10. b3 cxb3 11. c4 dxc4 12. Bb2 Kb8 13. Qb1 Ba4 14. Rc1 b5 15. Ne4
Rc8 16. Nfd2 Nc6 17. Bf1 Nh6 18. Nc3 Qa5 19. Qe4 Be7 20. Nxc4 bxc4 21. Nxa4 Qd5
22. Qf4 g5 23. Qd2 Qa5 24. Qd1 Nxd4 25. Qxd4 Qxa4 26. Rxc4 Rxc4 27. Bxc4 Rc8
28. Rc1 Nf5 29. Qe4 Qc6 30. Qd3 Qb6 31. Bxb3 Rxc1+ 32. Bxc1 Bc5 33. Qf3 g4 34.
Qd1 Bxf2+ 35. Kh1 Bc5 36. Bg5 Ne3 37. Qb1 Kc7 0-1

[Event "I Torneo Internazionale"]
[Site "Montecatini Terme ITA"]
[Date "1998.01.??"]
[Round "7"]
[White "Miladinovic, Igor"]
[Black "Vezzosi, Paolo"]
[Result "1-0"]
[WhiteElo "2565"]
[BlackElo "2275"]
[PlyCount "55"]
[EventDate "1998.01.24"]

1. d4 Nf6 2. c4 e6 3. Nc3 Bb4 4. g3 c5 5. Nf3 Nc6 6. d5 Bxc3+ 7. bxc3 Na5 8.
Nd2 e5 9. e4 d6 10. f3 Bd7 11. Bd3 O-O 12. Qe2 Ne8 13. O-O Bh3 14. Rf2 f5 15.
exf5 Bxf5 16. Ne4 h6 17. g4 Bxe4 18. Bxe4 Nf6 19. Bf5 Qe8 20. f4 Kh8 21. Be6
Qa4 22. g5 Ng8 23. gxh6 gxh6 24. fxe5 Rxf2 25. Qxf2 Qd1+ 26. Kg2 Nxc4 27. exd6
Nxd6 28. Bf4 1-0

[Event "I Torneo Internazionale"]
[Site "Montecatini Terme ITA"]
[Date "1998.01.??"]
[Round "8"]
[White "Drei, Andrea"]
[Black "Caposciutti, Maurizio"]
[Result "0-1"]
[WhiteElo "2320"]
[BlackElo "2310"]
[PlyCount "80"]
[EventDate "1998.01.24"]

1. e4 c5 2. Nf3 Nc6 3. d4 cxd4 4. Nxd4 e5 5. Nb5 d6 6. c4 Be7 7. N1c3 a6 8. Na3
Be6 9. Be2 Bg5 10. O-O Bxc1 11. Rxc1 Nf6 12. Nc2 O-O 13. Qd2 Qb6 14. b3 Rfd8
15. Rcd1 Rac8 16. Kh1 Qc5 17. f3 Ne7 18. Na4 Qa7 19. c5 d5 20. b4 Qb8 21. exd5
Nexd5 22. Ne3 Nf4 23. Qb2 h5 24. g3 Nxe2 25. Qxe2 Rd4 26. Nb6 Rcd8 27. Nec4 Nd5
28. Rxd4 exd4 29. Nxd5 Rxd5 30. Rd1 Qe8 31. Nb6 Rd8 32. Kg1 Qc6 33. a3 Bf5 34.
Kf2 Re8 35. Qc4 d3 36. Rd2 Qh6 37. Qf4 Qe6 38. g4 Qe1+ 39. Kg2 Re2+ 40. Rxe2
dxe2 0-1

[Event "I Torneo Internazionale"]
[Site "Montecatini Terme ITA"]
[Date "1998.01.??"]
[Round "8"]
[White "Iotti, Pierluigi"]
[Black "Miladinovic, Igor"]
[Result "0-1"]
[WhiteElo "2325"]
[BlackElo "2565"]
[PlyCount "100"]
[EventDate "1998.01.24"]

1. d4 d5 2. Nf3 Bf5 3. c4 e6 4. Nc3 Nc6 5. Bg5 f6 6. Bf4 dxc4 7. e3 Nb4 8. e4
Bg4 9. a3 Nd3+ 10. Bxd3 cxd3 11. Qxd3 e5 12. Bg3 c6 13. O-O-O exd4 14. Qxd4
Qxd4 15. Rxd4 Nh6 16. Rhd1 Bc5 17. R4d3 Nf7 18. h3 Bc8 19. Nd4 g6 20. f4 Be7
21. Bf2 O-O 22. g4 Re8 23. Nf3 b6 24. Nd4 Ba6 25. R3d2 Rac8 26. Nf3 Ra8 27. Nd4
Bd6 28. Be3 Bb7 29. Nf3 Rad8 30. g5 c5 31. gxf6 Bxe4 32. Ne5 Bf5 33. h4 Bc7 34.
Nd5 Bxe5 35. fxe5 Kf8 36. Ne7 Rxd2 37. Rxd2 Nxe5 38. Bh6+ Kf7 39. Rd6 Ng4 40.
Bg7 Be6 41. Nc6 Nxf6 42. Bxf6 Kxf6 43. Nxa7 g5 44. hxg5+ Kxg5 45. Nb5 Bg4 46.
Rxb6 h5 47. Rb7 h4 48. Rh7 h3 49. Rg7+ Kh4 50. Nd6 Re1+ 0-1

[Event "I Torneo Internazionale"]
[Site "Montecatini Terme ITA"]
[Date "1998.01.??"]
[Round "8"]
[White "Vezzosi, Paolo"]
[Black "Boschetti, Claudio"]
[Result "1/2-1/2"]
[WhiteElo "2275"]
[BlackElo "2150"]
[PlyCount "50"]
[EventDate "1998.01.24"]

1. e4 e5 2. Nf3 Nc6 3. Bb5 a6 4. Ba4 Nf6 5. O-O Be7 6. Re1 b5 7. Bb3 O-O 8. c3
d5 9. exd5 e4 10. dxc6 exf3 11. d4 fxg2 12. Bg5 Be6 13. Qf3 Nd5 14. Bxe7 Nxe7
15. Nd2 a5 16. Qxg2 Ra6 17. Bxe6 fxe6 18. Nf3 Rxc6 19. Re4 Qd5 20. Ne5 Rd6 21.
Nd3 Ng6 22. Re3 Qf5 23. Qe4 Qh5 24. Rg3 Nh4 25. f4 Qd5 1/2-1/2

[Event "I Torneo Internazionale"]
[Site "Montecatini Terme ITA"]
[Date "1998.01.??"]
[Round "8"]
[White "Wagman, Stuart"]
[Black "Genocchio, Daniele"]
[Result "1-0"]
[WhiteElo "2180"]
[BlackElo "2155"]
[PlyCount "79"]
[EventDate "1998.01.24"]

1. e4 c5 2. Nf3 Nc6 3. d4 cxd4 4. Nxd4 g6 5. Be2 Bg7 6. Nb3 Nf6 7. Nc3 O-O 8.
O-O d6 9. Bg5 a5 10. a4 Be6 11. Rb1 Rc8 12. Kh1 Nb4 13. Nd4 Bc4 14. Ndb5 Re8
15. Bd3 Qb6 16. f3 Qa6 17. Qe2 Bxd3 18. cxd3 e5 19. f4 exf4 20. Bxf4 Nh5 21.
Bxd6 Rcd8 22. Bxb4 axb4 23. Nc7 Qd6 24. Nxe8 Rxe8 25. Nb5 Qe7 26. Qf3 Bh6 27.
Nd6 Rf8 28. Nf5 Qg5 29. Nxh6+ Qxh6 30. Rbc1 f5 31. g4 Nf6 32. gxf5 Nh5 33. Qg4
Nf6 34. Qf4 Qh3 35. Qg3 Qh6 36. fxg6 hxg6 37. Rg1 Kg7 38. Rc7+ Rf7 39. Rxf7+
Kxf7 40. Rf1 1-0

[Event "I Torneo Internazionale"]
[Site "Montecatini Terme ITA"]
[Date "1998.01.??"]
[Round "9"]
[White "Beggi, Pierluigi"]
[Black "Drei, Andrea"]
[Result "0-1"]
[WhiteElo "2205"]
[BlackElo "2320"]
[PlyCount "67"]
[EventDate "1998.01.24"]

1. d4 Nf6 2. Nf3 e6 3. Bf4 c5 4. e3 Nc6 5. Nbd2 Be7 6. c3 d6 7. dxc5 dxc5 8.
Nc4 O-O 9. Bd3 b5 10. Nce5 Qb6 11. a4 Nxe5 12. Bxe5 Rd8 13. Qb1 g6 14. axb5 Bb7
15. c4 a6 16. bxa6 Rxa6 17. Rxa6 Bxa6 18. O-O Qb3 19. Be2 Bxc4 20. Bxc4 Qxc4
21. b3 Qb5 22. Qb2 Ne4 23. h4 f6 24. Qc2 Qd3 25. Qxd3 Rxd3 26. Bf4 Rxb3 27. Ra1
e5 28. Bh6 c4 29. Ra7 Kf7 30. g4 c3 31. Rc7 Rb1+ 32. Kg2 Rb2 33. g5 Rxf2+ 34.
Kg1 0-1

[Event "I Torneo Internazionale"]
[Site "Montecatini Terme ITA"]
[Date "1998.01.??"]
[Round "9"]
[White "Boschetti, Claudio"]
[Black "Iotti, Pierluigi"]
[Result "1-0"]
[WhiteElo "2150"]
[BlackElo "2325"]
[PlyCount "75"]
[EventDate "1998.01.24"]

1. e4 e6 2. Nf3 d5 3. Nc3 c5 4. exd5 exd5 5. d4 Nc6 6. Bb5 Be6 7. O-O Be7 8.
dxc5 Bxc5 9. Nd4 Qd7 10. Be3 Bd6 11. Qe2 Nge7 12. Nxe6 fxe6 13. Rad1 O-O 14.
Qg4 a6 15. Ba4 b5 16. Bb3 Ne5 17. Qh3 Rad8 18. Bg5 h6 19. Bxe7 Qxe7 20. Rde1 b4
21. Nd1 Rf6 22. Ne3 Bc5 23. Re2 Rdf8 24. Qh5 g5 25. h4 Bxe3 26. Rxe3 Qf7 27.
Qxf7+ Nxf7 28. Rfe1 Nd8 29. hxg5 hxg5 30. Rg3 Rg6 31. Rd1 Kg7 32. Re3 Rgf6 33.
Re2 Nb7 34. c3 bxc3 35. bxc3 Rd8 36. c4 d4 37. Re5 Kg6 38. c5 1-0

[Event "I Torneo Internazionale"]
[Site "Montecatini Terme ITA"]
[Date "1998.01.??"]
[Round "9"]
[White "Efimov, Igor"]
[Black "Vezzosi, Paolo"]
[Result "1-0"]
[WhiteElo "2525"]
[BlackElo "2275"]
[PlyCount "103"]
[EventDate "1998.01.24"]

1. Nf3 Nf6 2. c4 e6 3. g3 b6 4. Bg2 Bb7 5. O-O c5 6. Nc3 Be7 7. d4 cxd4 8. Qxd4
d6 9. b3 O-O 10. Rd1 Nbd7 11. Bb2 a6 12. Rac1 Rc8 13. h3 Qc7 14. e4 Rfd8 15.
Qe3 Qb8 16. Nd4 Bf8 17. g4 h6 18. Rd2 Re8 19. Qg3 Ba8 20. Rcd1 Nc5 21. f3 g6
22. Bf1 Qa7 23. Qf2 Qb8 24. Qg3 Qa7 25. Qf2 Qb8 26. Re1 e5 27. Nc2 Ne6 28. Nd5
Bxd5 29. cxd5 Nf4 30. Nb4 h5 31. Nxa6 Qa7 32. Nb4 Bh6 33. Rc2 Rc5 34. Nc6 Qxa2
35. b4 Rxc2 36. Qxc2 Ra8 37. Bc4 Qa4 38. Qxa4 Rxa4 39. Kh2 Kf8 40. Ra1 Rxa1 41.
Bxa1 Ne8 42. Bc3 Bg5 43. Be1 hxg4 44. hxg4 f5 45. Bf2 fxe4 46. fxe4 Nf6 47.
Bxb6 Nxe4 48. Bc7 Ke8 49. b5 Kd7 50. b6 Nc5 51. Bb5 e4 52. Na7+ 1-0

[Event "I Torneo Internazionale"]
[Site "Montecatini Terme ITA"]
[Date "1998.01.??"]
[Round "9"]
[White "Miladinovic, Igor"]
[Black "Wagman, Stuart"]
[Result "1-0"]
[WhiteElo "2565"]
[BlackElo "2180"]
[PlyCount "75"]
[EventDate "1998.01.24"]

1. d4 d5 2. Bg5 h6 3. Bh4 c6 4. Nf3 Qb6 5. Qc1 Nd7 6. e3 e5 7. c4 Bb4+ 8. Nc3
e4 9. Nd2 Ne7 10. Bxe7 Bxc3 11. bxc3 Kxe7 12. Qa3+ Kd8 13. Rb1 Qc7 14. cxd5
cxd5 15. c4 dxc4 16. Nxc4 Re8 17. Rc1 Re6 18. d5 Ra6 19. Qb2 b5 20. d6 Qc5 21.
Qxg7 Rxd6 22. Be2 Qb4+ 23. Kf1 bxc4 24. g4 Rf6 25. Rd1 Ke7 26. h4 Qc3 27. Rd4
Rb8 28. g5 Rb1+ 29. Kg2 Rxh1 30. gxf6+ Nxf6 31. Qg3 Bd7 32. Qd6+ Ke8 33. Qxf6
Qe1 34. Rxe4+ Be6 35. Rxe6+ fxe6 36. Qxe6+ Kd8 37. Qd6+ Ke8 38. Bh5# 1-0

[Event "I Torneo Internazionale"]
[Site "Montecatini Terme ITA"]
[Date "1998.01.??"]
[Round "10"]
[White "Botsari, Anna-Maria"]
[Black "Miladinovic, Igor"]
[Result "1/2-1/2"]
[WhiteElo "2325"]
[BlackElo "2565"]
[PlyCount "29"]
[EventDate "1998.01.24"]

1. Nf3 d5 2. d4 Bg4 3. Ne5 Bf5 4. Bf4 e6 5. e3 Nd7 6. Bd3 Bxd3 7. Qxd3 c6 8.
Nxd7 Qxd7 9. Nd2 Nf6 10. h3 Bd6 11. Bxd6 Qxd6 12. O-O e5 13. dxe5 Qxe5 14. Qd4
Qxd4 15. exd4 1/2-1/2

[Event "I Torneo Internazionale"]
[Site "Montecatini Terme ITA"]
[Date "1998.01.??"]
[Round "10"]
[White "Drei, Andrea"]
[Black "Genocchio, Daniele"]
[Result "1-0"]
[WhiteElo "2320"]
[BlackElo "2155"]
[PlyCount "41"]
[EventDate "1998.01.24"]

1. e4 c5 2. Nf3 Nc6 3. d4 cxd4 4. Nxd4 g6 5. c4 Bg7 6. Be3 Nf6 7. Nc3 d6 8. Be2
O-O 9. O-O a6 10. f4 Rb8 11. Bf3 Nd7 12. Rc1 Qb6 13. Nf5 Qxb2 14. Nxg7 Kxg7 15.
Rf2 Qa3 16. Qd2 Nf6 17. f5 Ng8 18. Nd5 Bd7 19. Rc3 Qa5 20. Bb6 Qa4 21. Bd1 1-0

[Event "I Torneo Internazionale"]
[Site "Montecatini Terme ITA"]
[Date "1998.01.??"]
[Round "10"]
[White "Iotti, Pierluigi"]
[Black "Efimov, Igor"]
[Result "1/2-1/2"]
[WhiteElo "2325"]
[BlackElo "2525"]
[PlyCount "87"]
[EventDate "1998.01.24"]

1. d4 Nf6 2. Nf3 g6 3. c4 Bg7 4. Nc3 O-O 5. e4 d6 6. Be2 Na6 7. Bg5 h6 8. Bh4
Qe8 9. O-O e5 10. d5 Nh7 11. Nd2 Bf6 12. Bg3 Bg5 13. Rb1 c5 14. dxc6 bxc6 15.
b4 h5 16. f3 Be3+ 17. Bf2 Bd4 18. Qc2 c5 19. a3 Nc7 20. Nb3 Bxf2+ 21. Rxf2 Ne6
22. b5 f5 23. Bd3 Qf7 24. Nd5 f4 25. a4 g5 26. Kf1 g4 27. Ke2 Nhg5 28. Rh1 Qg7
29. Kd1 Kh8 30. Kc1 a6 31. a5 Bb7 32. b6 Bc6 33. Nc3 Rg8 34. Kb2 Rac8 35. Qd2
Nd8 36. Ka3 Nb7 37. Be2 Ne6 38. Nd5 Be8 39. fxg4 hxg4 40. h3 g3 41. Rff1 Qd7
42. Kb2 Rg6 43. Ra1 Bf7 44. Bg4 1/2-1/2

[Event "I Torneo Internazionale"]
[Site "Montecatini Terme ITA"]
[Date "1998.01.??"]
[Round "10"]
[White "Wagman, Stuart"]
[Black "Boschetti, Claudio"]
[Result "1/2-1/2"]
[WhiteElo "2180"]
[BlackElo "2150"]
[PlyCount "22"]
[EventDate "1998.01.24"]

1. e4 e5 2. Nf3 Nc6 3. Bc4 Nf6 4. d3 Bc5 5. c3 d6 6. Nbd2 O-O 7. h3 a6 8. Bb3
Be6 9. Qe2 Re8 10. Nf1 Bxb3 11. axb3 d5 1/2-1/2

[Event "I Torneo Internazionale"]
[Site "Montecatini Terme ITA"]
[Date "1998.01.??"]
[Round "11"]
[White "Boschetti, Claudio"]
[Black "Botsari, Anna-Maria"]
[Result "1/2-1/2"]
[WhiteElo "2150"]
[BlackElo "2325"]
[PlyCount "22"]
[EventDate "1998.01.24"]

1. e4 c5 2. Nf3 Nc6 3. d4 cxd4 4. Nxd4 Qc7 5. Nc3 e6 6. g3 a6 7. Bg2 Nf6 8. O-O
Bc5 9. Nxc6 dxc6 10. Na4 Ba7 11. c4 Nd7 1/2-1/2

[Event "I Torneo Internazionale"]
[Site "Montecatini Terme ITA"]
[Date "1998.01.??"]
[Round "11"]
[White "Efimov, Igor"]
[Black "Wagman, Stuart"]
[Result "1-0"]
[WhiteElo "2525"]
[BlackElo "2180"]
[PlyCount "95"]
[EventDate "1998.01.24"]

1. e4 e5 2. Nf3 Nc6 3. Bb5 a6 4. Ba4 Nf6 5. Qe2 b5 6. Bb3 Be7 7. c3 O-O 8. O-O
d6 9. Rd1 Na5 10. Bc2 c5 11. d3 Nc6 12. Nbd2 Re8 13. Nf1 Bf8 14. Bg5 h6 15. Bh4
g5 16. Bg3 Nh5 17. d4 Qf6 18. Ne3 Rb8 19. Nd5 Qg6 20. dxe5 dxe5 21. Rd2 Nf4 22.
Bxf4 gxf4 23. Nh4 Qg5 24. g3 c4 25. Kh1 Kh8 26. Nf3 Qg6 27. gxf4 Bg4 28. Rg1
Qh5 29. Rg3 Rbd8 30. f5 Ne7 31. Rxg4 Qxg4 32. Nxe5 Qxe2 33. Rxe2 Nxd5 34. Nxf7+
Kg7 35. Nxd8 Rxd8 36. Rd2 Be7 37. exd5 Kf6 38. Kg2 Bd6 39. Re2 Be5 40. f4 Bxf4
41. Re6+ Kf7 42. Kf3 Bc1 43. Ke4 Bxb2 44. Bd1 Bxc3 45. Bh5+ Kg7 46. Rxa6 Rd7
47. d6 Kf6 48. Be8 1-0

[Event "I Torneo Internazionale"]
[Site "Montecatini Terme ITA"]
[Date "1998.01.??"]
[Round "11"]
[White "Miladinovic, Igor"]
[Black "Drei, Andrea"]
[Result "1-0"]
[WhiteElo "2565"]
[BlackElo "2320"]
[PlyCount "85"]
[EventDate "1998.01.24"]

1. d4 Nf6 2. Bg5 e6 3. e3 c5 4. c3 h6 5. Bh4 Nc6 6. Nd2 d6 7. Bd3 Be7 8. Bxf6
Bxf6 9. Ngf3 b6 10. Ne4 Be7 11. Bb5 Bb7 12. Ng3 a6 13. Bd3 Qd7 14. O-O O-O 15.
e4 cxd4 16. cxd4 Rac8 17. a3 Rfd8 18. Qe2 Bf6 19. Qe3 Na5 20. Nh5 Qe7 21. Nd2
b5 22. Rac1 e5 23. Nxf6+ Qxf6 24. d5 Ba8 25. b4 Nb7 26. Rc6 Re8 27. Rfc1 Rxc6
28. Rxc6 Nc5 29. Rb6 Nxd3 30. Qxd3 Qf4 31. Rxa6 f5 32. g3 Qg4 33. f3 Qg5 34.
exf5 Rc8 35. Kg2 e4 36. Nxe4 Qxf5 37. Rxd6 Qe5 38. Re6 Qb2+ 39. Kh3 Qa2 40. Re7
Kf8 41. Re5 Qb2 42. Rf5+ Kg8 43. Nc5 1-0

[Event "I Torneo Internazionale"]
[Site "Montecatini Terme ITA"]
[Date "1998.01.??"]
[Round "11"]
[White "Vezzosi, Paolo"]
[Black "Iotti, Pierluigi"]
[Result "1/2-1/2"]
[WhiteElo "2275"]
[BlackElo "2325"]
[PlyCount "24"]
[EventDate "1998.01.24"]

1. e4 e6 2. d4 d5 3. exd5 exd5 4. Bf4 Bf5 5. Bd3 Bxd3 6. Qxd3 c6 7. Ne2 Nf6 8.
Nd2 Bd6 9. Qe3+ Be7 10. Qb3 Qb6 11. Ng3 O-O 12. Qxb6 axb6 1/2-1/2